000 01644nam a2200325 u 4500
001
003 DO-SdBNP
005 20210903092016.0
008 100813s2016 dr a 000 0 spa d
020 _a9789945893526
040 _aDO-SdBNP
_bspa
_cBPMSU
082 _a327.17
_bR149h 2016
_222
245 0 0 _aRaíces históricas y procesos actuales de la integración en América Latina y el Caribe :
_buna mirada comparativa /
_cedición Eliades Acosta Matos y Janley Rivera Mejías.
260 _aSanto Domingo :
_bMinisterio para Políticas de Integración Regional,
_c2016.
300 _a212 p. :
_bil. ;
_c29 cm.
490 0 _aEducar para integrar,
_v1
500 _aIncluye índice onomástico
505 0 _aInauguración del curso -- La integración centroamericana y caribeña desde la óptica legislativa -- La experiencia integradora centroamericana -- Potenciando la integración con República Dominicana y el resto del Caribe -- Integración, cooperación multilateral y fondos para el desarrollo -- Integración, relaciones internacionales, educación y cultura -- Ceremonia de clausura del curso.
590 _aInventariado, 2021/VM
650 4 _aIntegración latinoamericana
650 4 _aApertura económica
_zCaribe (República Dominicana).
651 4 _aRepública Dominicana
_xRelaciones Exteriores
700 1 _aAcosta Matos, Eliades
_d1959-
_eed.
700 1 _aRivera Mejías, Janley
_eed.
700 z _a Matos, Eliades Acosta,
_d 1959-
710 2 _aMinisterio para Polílitcas de Integración Regional (República Dominicana)
830 0 _aEducar para integrar ;
_n1
910 _aVMateo V.
942 _2ddc
_cBK
999 _c13710
_d13710